ბათუმის შოთა რუსთაველის სახელმწიფო უნივერსიტეტის ბიბლიოთეკა

საქართველოს სსრ ეკონომიკური გეოგრაფია : (ბიბ.ჩანაწერი № 63567)

000 -ლიდერი
ფიქსირებული სიგრძის საკონტროლო ველი 01224nam a22002177a 4500
003 - საკონტროლო ნომრის იდენტიფიკატორი
საკონტროლო ველი Ge_BSU
005 - ბოლო ოპერაციის თარიღი და დრო
საკონტროლო ველი 20251103143241.0
008 - ფიქსირებული სიგრძის მონაცემთა ელემენტები - ზოგადი ინფორმაცია
ფიქსირებული სიგრძის საკონტროლო ველი 251103s1982 ge ||||| |||| 00| 0 geo d
041 ## - ენის კოდი
Language code of text/sound track or separate title geo
080 ## - უნივერსალური ათობითი კლასიფიკაციის ინდექსი
Universal Decimal Classification number 911.3:33(479.22)(075.3) ჯ-23
100 ## - მთავარი ჩანაწერი - პიროვნების სახელი
Personal name ჯაოშვილი, ვ.შ.
9 (RLIN) 26145
245 ## - ცნობა სათაურის შესახებ
Title საქართველოს სსრ ეკონომიკური გეოგრაფია :
Remainder of title საშ. სკოლის მე-8 კლასის სახელმძღვ. /
Statement of responsibility, etc ვ.შ. ჯაოშვილი, რ.ი. კვერენჩხილაძე, ე.დ. კობახიძე.
250 ## - გამოცემის ცნობა
Edition statement მე-5 გამოცება
264 ## - წარმოების, გამოცემის, დისტრიბუციის და სხვა ცნობები
გამოცემის, წარმოების, დისტრიბუციის... ადგილი თბ. :
გამოცემის, წარმოების, დისტრიბუციის... სახელწოდება განათლება,
გამოცემის, წარმოების, დისტრიბუციის... თარიღი 1982.
300 ## - ფიზიკური აღწერა
Extent 106 გვ. :
Other physical details ილ. ;
Dimensions 22 სმ.
653 ## - INDEX TERM--UNCONTROLLED
Uncontrolled term საქართველოს ეკონომიკური გეოგრაფია
653 ## - INDEX TERM--UNCONTROLLED
Uncontrolled term სახელმძღვანელოები საშუალო სკოლებისათვის
700 ## - ADDED ENTRY--PERSONAL NAME
Personal name კვერენჩხილაძე, რ.ი.
Relator term ავტორი
9 (RLIN) 26146
700 ## - ADDED ENTRY--PERSONAL NAME
Personal name კობახიძე, ე.დ.
Relator term ავტორი
9 (RLIN) 26147
942 ## - ADDED ENTRY ELEMENTS (KOHA)
Source of classification or shelving scheme
Koha item type წიგნი
ეგზემპლარები
ჩამოწერის სტატუსი დაკარგული ეგზემპლარის სტატუსი კლასიფიკაციის წყარო ან თაროზე გაწყობის სქემა დაზიანების სტატუსი არ გაიცემა მუდმივი მდებარეობა (დაცვის ადგილი) ამჟამინდელი ადგილსამყოფელი თაროზე განთავსების ადგილი შეძენის თარიღი ღირებულება, შესყიდვის ნორმალური ფასი სრული შენახვის შიფრი შტრიხკოდი ბოლო ოპერაციის თარიღი ეგზემპლარის მიმდევრობითი ნომერი (კეტერი?) ფასის ძალაში შესვლის თარიღი ეგზემპლარის სახეობა საჯარო შენიშვნა
          ბათუმის შოთა რუსთაველის სახელმწიფო უნივერსიტეტის მთავარი ბიბლიოთეკა ბათუმის შოთა რუსთაველის სახელმწიფო უნივერსიტეტის მთავარი ბიბლიოთეკა წიგნსაცავი 2025-11-03 0.30 911.3:33(479.22)(075.3) ჯ-23 72890 2025-11-03 72890 2025-11-03 წიგნი 0.30 თ.
          ბათუმის შოთა რუსთაველის სახელმწიფო უნივერსიტეტის მთავარი ბიბლიოთეკა ბათუმის შოთა რუსთაველის სახელმწიფო უნივერსიტეტის მთავარი ბიბლიოთეკა წიგნსაცავი 2025-11-03 0.30 911.3:33(479.22)(075.3) ჯ-23 72893 2025-11-03 72893 2025-11-03 წიგნი 0.30 თ.
          ბათუმის შოთა რუსთაველის სახელმწიფო უნივერსიტეტის მთავარი ბიბლიოთეკა ბათუმის შოთა რუსთაველის სახელმწიფო უნივერსიტეტის მთავარი ბიბლიოთეკა წიგნსაცავი 2025-11-03 0.30 911.3:33(479.22)(075.3) ჯ-23 72892 2025-11-03 72892 2025-11-03 წიგნი 0.30 თ.
          ბათუმის შოთა რუსთაველის სახელმწიფო უნივერსიტეტის მთავარი ბიბლიოთეკა ბათუმის შოთა რუსთაველის სახელმწიფო უნივერსიტეტის მთავარი ბიბლიოთეკა წიგნსაცავი 2025-11-03 0.30 911.3:33(479.22)(075.3) ჯ-23 72891 2025-11-03 72891 2025-11-03 წიგნი 0.30 თ.